LEADER 01673nam0 2200361 i 450 001 SUN0127083 005 20200302102049.58 010 $d0.00 017 70$2N$a978-3-030-11370-4 100 $a20200224d2019 |0engc50 ba 101 $aeng 102 $aCH 105 $a|||| ||||| 200 1 $a*Nonsmooth Optimization and Its Applications$fSeyedehsomayeh Hosseini, Boris S. Mordukhovich, André Uschmajew editors 205 $aCham : Birkhauser, 2019 210 $avii$d149 p.$cill. ; 24 cm 215 $aPubblicazione in formato elettronico 410 1$1001SUN0035918$12001 $a*International series of numerical mathematics$v170$1210 $aBasel$cBirkhäuser$d1961-. 606 $a90Cxx$xMathematical programming [MSC 2020]$2MF$3SUNC020086 606 $a65K10$xNumerical optimization and variational techniques [MSC 2020]$2MF$3SUNC020088 606 $a58Kxx$xTheory of singularities and catastrophe theory [MSC 2020]$2MF$3SUNC021661 606 $a49Jxx$xExistence theories in calculus of variations and optimal control [MSC 2020]$2MF$3SUNC025507 620 $aCH$dCham$3SUNL001889 702 1$aMordukhovich$b, Boris S.$3SUNV096524 702 1$aHosseini$b, Seyedehsomayeh$3SUNV098509 702 1$aUschmajew$b, André$3SUNV098510 712 $aBirkhäuser$3SUNV000319$4650 801 $aIT$bSOL$c20210503$gRICA 856 4 $uhttp://doi.org/10.1007/978-3-030-11370-4 912 $aSUN0127083 950 $aUFFICIO DI BIBLIOTECA DEL DIPARTIMENTO DI MATEMATICA E FISICA$d08CONS e-book 1692 $e08eMF1692 20200224 996 $aNonsmooth Optimization and Its Applications$91733470 997 $aUNICAMPANIA